| 000 | 01104nam a22002777a 4500 | ||
|---|---|---|---|
| 999 |
_c113088 _d113088 |
||
| 003 | dpl | ||
| 005 | 20190125120808.0 | ||
| 008 | 190125b ||||| |||| 00| 0 eng d | ||
| 010 | _aB-039352 | ||
| 020 |
_c100.00 _a8186265597 |
||
| 035 | _aB-039352, B-039356 | ||
| 037 | _bCen Lib/Ret | ||
| 040 |
_aDPL _bHN _c0 |
||
| 082 |
_a821 _bविपट |
||
| 100 |
_aविपट, अरुणा _97558 |
||
| 245 |
_aझील बन जाने के बाद / _cविपट अरुणा |
||
| 246 |
_aJheel ban jaane ke baad / _bby Vipat Aruna |
||
| 260 |
_aदिल्ली _bमनु प्रकाशन _c2001 |
||
| 270 |
_bदिल्ली _a1/6678, गली न. 3, पूर्वी रोहतास नगर _e110032 |
||
| 300 |
_a119पृ. _c20सेमी(सजिल्द) |
||
| 650 |
_aहिंदी साहित्य _950566 |
||
| 650 |
_aहिंदी साहित्य -- कविता _950567 |
||
| 650 |
_aHindi literature _950568 |
||
| 650 |
_aHindi literature -- Poetry _950569 |
||
| 942 |
_2ddc _cHN _h821 _mविपट |
||